[Event "Mitropa Online Cup Open 2021"]
[Site "Hybrid"]
[Date "2021.05.04"]
[Round "6.4"]
[White "Sochacki, Christophe"]
[Black "Kovacevic, Blazimir"]
[Result "1-0"]
[WhiteElo "2477"]
[BlackElo "2410"]
[Annotator "ChessBase"]
[PlyCount "159"]
[EventDate "2021.05.04"]
[EventType "team-tourn"]
[EventCountry "NET"]
[SourceTitle "playchess.com"]
[Source "ChessBase"]
[SourceQuality "1"]
[WhiteTeam "France"]
[BlackTeam "Croatia"]
[WhiteTeamCountry "FRA"]
[BlackTeamCountry "CRO"]
[TimeControl "40/5400+30:1800+30"]

1. e4 {[%emt 0:00:00]} e6 {[%emt 0:00:06]} 2. d4 {[%emt 0:00:08]} d5 {[%emt 0:00:03]} 3. Nc3 {[%emt 0:00:05]} Be7 {[%emt 0:00:12]} 4. Bd3 {[%emt 0:01:10]} Nc6 {[%emt 0:00:23]} 5. Nf3 {[%emt 0:00:44]} Nb4 {[%emt 0:00:05]} 6. Bb5+ {[%emt 0:01:51]} c6 {[%emt 0:00:32]} 7. Be2 {[%emt 0:00:07]} Nf6 {[%emt 0:00:03]} 8. e5 {[%emt 0:00:20]} Ne4 {[%emt 0:00:22]} 9. O-O {[%emt 0:08:44]} c5 {[%emt 0:01:39]} 10. Be3 {[%emt 0:03:39]} Nc6 {[%emt 0:05:07]} 11. dxc5 {[%emt 0:00:58]} Nxc5 {[%emt 0:00:45]} 12. Nb5 {[%emt 0:07:16]} O-O {[%emt 0:04:33]} 13. c4 {[%emt 0:03:34]} a6 {[%emt 0:02:36]} 14. cxd5 {[%emt 0:15:12]} exd5 {[%emt 0:01:02]} 15. Nbd4 {[%emt 0:00:31]} Bg4 {[%emt 0:25:59]} 16. Rc1 {[%emt 0:14:45]} Ne6 {[%emt 0:08:48]} 17. Nxc6 {[%emt 0:08:29]} bxc6 {[%emt 0:00:06]} 18. Qa4 {[%emt 0:01:42]} Bxf3 {[%emt 0:33:57]} 19. Bxf3 {[%emt 0:00:06]} Bg5 {[%emt 0:00:03]} 20. Qxc6 {[%emt 0:14:22]} Bxe3 {[%emt 0:00:06]} 21. fxe3 {[%emt 0:00:04]} Qb8 {[%emt 0:05:38]} 22. Qc3 {[%emt 0:05:01]} Rd8 {[%emt 0:00:30]} 23. Rfd1 {[%emt 0:00:06]} Qb5 {[%emt 0:00:20]} 24. Qb3 {[%emt 0:01:03]} Qxb3 {[%emt 0:04:53]} 25. axb3 {[%emt 0:00:05]} Rac8 {[%emt 0:02:04]} 26. Rxc8 {[%emt 0:00:59]} Rxc8 {[%emt 0:00:04]} 27. Bxd5 {[%emt 0:00:44]} Rc5 {[%emt 0:02:53]} 28. h4 {[%emt 0:04:17]} Kf8 {[%emt 0:00:12]} 29. Kf2 {[%emt 0:02:06]} Rc2+ {[%emt 0:00:31]} 30. Kf3 {[%emt 0:00:22]} Rxb2 {[%emt 0:00:05]} 31. Rc1 {[%emt 0:02:55]} Rd2 {[%emt 0:01:14]} 32. Rc8+ {[%emt 0:00:52]} Ke7 {[%emt 0:00:03]} 33. Bc4 {[%emt 0:00:06]} Ra2 {[%emt 0:00:45]} 34. Ra8 {[%emt 0:00:18]} Ra5 {[%emt 0:00:34]} 35. Ra7+ {[%emt 0:00:44]} Kf8 {[%emt 0:00:10]} 36. Rxa6 {[%emt 0:01:54]} Rxe5 {[%emt 0:00:03]} 37. Ra7 {[%emt 0:00:33]} Rc5 {[%emt 0:00:55]} 38. Ke4 {[%emt 0:00:21]} h5 {[%emt 0:00:29]} 39. Kd3 {[%emt 0:00:20]} g5 {[%emt 0:01:01]} 40. g3 {[%emt 0:00:00]} gxh4 {[%emt 0:00:00]} 41. gxh4 {[%emt 0:00:27]} Rf5 {[%emt 0:09:45]} 42. b4 {[%emt 0:00:43]} Rf1 {[%emt 0:01:45]} 43. Bxe6 {[%emt 0:04:01]} fxe6 {[%emt 0:00:06]} 44. b5 {[%emt 0:00:22]} Rb1 {[%emt 0:00:19]} 45. Kc4 {[%emt 0:00:35]} Ke8 {[%emt 0:00:57]} 46. Rh7 {[%emt 0:03:13]} Kd8 {[%emt 0:03:27]} 47. Kc5 {[%emt 0:01:30]} Re1 {[%emt 0:01:24]} 48. b6 {[%emt 0:04:43]} Kc8 {[%emt 0:00:10]} 49. Kd4 {[%emt 0:11:47]} Rb1 {[%emt 0:01:42]} 50. b7+ {[%emt 0:01:57]} Kb8 {[%emt 0:00:08]} 51. Ke5 {[%emt 0:00:48]} Rb4 {[%emt 0:06:36]} 52. e4 {[%emt 0:00:19]} Ka7 {[%emt 0:00:02]} 53. Re7 {[%emt 0:01:18]} Kb8 {[%emt 0:03:10]} 54. Rd7 {[%emt 0:01:29]} Ka7 {[%emt 0:02:08]} 55. Rd4 {[%emt 0:02:06]} Rb6 {[%emt 0:00:52]} 56. Rd6 {[%emt 0:00:19]} Rb4 {[%emt 0:00:55]} 57. Rxe6 {[%emt 0:00:14]} Kxb7 {[%emt 0:00:05]} 58. Rd6 {[%emt 0:00:50]} Kc7 {[%emt 0:01:33]} 59. Rd4 {[%emt 0:01:28]} Rb8 {[%emt 0:01:22]} 60. Kf6 {[%emt 0:00:19]} Rf8+ {[%emt 0:01:27]} 61. Kg5 {[%emt 0:00:13]} Kc6 {[%emt 0:00:58]} 62. Kxh5 {[%emt 0:02:18]} Rg8 {[%emt 0:01:00]} 63. Kh6 {[%emt 0:01:15]} Rg4 {[%emt 0:00:09]} 64. h5 {[%emt 0:01:19]} Kc5 {[%emt 0:00:08]} 65. Rd5+ {[%emt 0:00:09]} Kc6 {[%emt 0:00:03]} 66. Rd4 {[%emt 0:00:36]} Kc5 {[%emt 0:00:02]} 67. Ra4 {[%emt 0:01:54]} Kc6 {[%emt 0:01:20]} 68. Kh7 {[%emt 0:00:10]} Kd7 {[%emt 0:00:06]} 69. h6 {[%emt 0:00:28]} Ke7 {[%emt 0:00:36]} 70. Kh8 {[%emt 0:00:20]} Kf7 {[%emt 0:00:37]} 71. Ra7+ {[%emt 0:00:50]} Kf8 {[%emt 0:01:05]} 72. e5 {[%emt 0:00:08]} Re4 {[%emt 0:00:54]} 73. Ra5 {[%emt 0:00:25]} Re1 {[%emt 0:00:43]} 74. Kh7 {[%emt 0:00:13]} Rg1 {[%emt 0:01:47]} 75. Ra7 {[%emt 0:01:15]} Rg2 {[%emt 0:00:39]} 76. e6 {[%emt 0:00:50]} Re2 {[%emt 0:00:32]} 77. Rf7+ {[%emt 0:00:09]} Ke8 {[%emt 0:00:03]} 78. Kg8 {[%emt 0:00:26]} Rxe6 {[%emt 0:00:24]} 79. h7 {[%emt 0:00:04]} Rh6 {[%emt 0:00:43]} 80. Rg7 {[%emt 0:00:03]} 1-0

[Event "Mitropa Online Cup Open 2021"]
[Site "Hybrid"]
[Date "2021.05.04"]
[Round "6.5"]
[White "Lodici, Lorenzo"]
[Black "Spalir, Jernej"]
[Result "1/2-1/2"]
[WhiteElo "2483"]
[BlackElo "2389"]
[Annotator "ChessBase"]
[PlyCount "61"]
[EventDate "2021.05.04"]
[EventType "team-tourn"]
[EventCountry "NET"]
[SourceTitle "playchess.com"]
[Source "ChessBase"]
[SourceQuality "1"]
[WhiteTeam "Italy"]
[BlackTeam "Slovenia"]
[WhiteTeamCountry "ITA"]
[BlackTeamCountry "SLO"]
[TimeControl "40/5400+30:1800+30"]

1. d4 {[%emt 0:00:00]} Nf6 {[%emt 0:00:06]} 2. c4 {[%emt 0:00:08]} e6 {[%emt 0:00:05]} 3. g3 {[%emt 0:00:23]} d5 {[%emt 0:00:12]} 4. Nf3 {[%emt 0:00:04]} dxc4 {[%emt 0:00:05]} 5. Bg2 {[%emt 0:00:06]} a6 {[%emt 0:00:15]} 6. O-O {[%emt 0:00:09]} Nc6 {[%emt 0:00:06]} 7. e3 {[%emt 0:00:05]} Bd7 {[%emt 0:00:04]} 8. Qe2 {[%emt 0:00:07]} Bd6 {[%emt 0:01:26]} 9. Qxc4 {[%emt 0:00:07]} O-O {[%emt 0:00:07]} 10. Nbd2 {[%emt 0:00:03]} Qe7 {[%emt 0:03:15]} 11. Qc2 {[%emt 0:04:04]} Rab8 {[%emt 0:05:17]} 12. Nc4 {[%emt 0:02:10]} b5 {[%emt 0:06:06]} 13. Nce5 {[%emt 0:01:08]} Nb4 {[%emt 0:06:59]} 14. Qb3 {[%emt 0:01:20]} c5 {[%emt 0:00:24]} 15. dxc5 {[%emt 0:00:24]} Bxc5 {[%emt 0:00:05]} 16. Bd2 {[%emt 0:00:18]} Rfc8 {[%emt 0:04:23]} 17. Bxb4 {[%emt 0:02:53]} Bxb4 {[%emt 0:00:19]} 18. Nd4 {[%emt 0:00:03]} Rb6 {[%emt 0:01:52]} 19. Nxd7 {[%emt 0:06:02]} Nxd7 {[%emt 0:00:21]} 20. Rac1 {[%emt 0:00:20]} Rxc1 {[%emt 0:05:59]} 21. Rxc1 {[%emt 0:00:06]} Bc5 {[%emt 0:00:07]} 22. Nc6 {[%emt 0:04:44]} Qe8 {[%emt 0:04:40]} 23. a4 {[%emt 0:07:55]} bxa4 {[%emt 0:12:30]} 24. Qxa4 {[%emt 0:00:03]} Bf8 {[%emt 0:00:05]} 25. Ne5 {[%emt 0:03:24]} Rb5 {[%emt 0:00:46]} 26. Bc6 {[%emt 0:11:51]} Rxe5 {[%emt 0:00:15]} 27. Bxd7 {[%emt 0:00:18]} Qb8 {[%emt 0:01:08]} 28. b3 {[%emt 0:09:31]} Rc5 {[%emt 0:03:08]} 29. Rd1 {[%emt 0:01:06]} Qb7 {[%emt 0:02:03]} 30. Ra1 {[%emt 0:07:05]} Rc2 {[%emt 0:02:29]} 31. Be8 {[%emt 0:01:29]} 1/2-1/2

[Event "Mitropa Online Cup Open 2021"]
[Site "Hybrid"]
[Date "2021.05.04"]
[Round "6.5"]
[White "Markoja, Boris"]
[Black "Moroni, Luca Jr"]
[Result "0-1"]
[WhiteElo "2442"]
[BlackElo "2557"]
[Annotator "ChessBase"]
[PlyCount "72"]
[EventDate "2021.05.04"]
[EventType "team-tourn"]
[EventCountry "NET"]
[SourceTitle "playchess.com"]
[Source "ChessBase"]
[SourceQuality "1"]
[WhiteTeam "Slovenia"]
[BlackTeam "Italy"]
[WhiteTeamCountry "SLO"]
[BlackTeamCountry "ITA"]
[TimeControl "40/5400+30:1800+30"]

1. d4 {[%emt 0:00:00]} Nf6 {[%emt 0:00:04]} 2. c4 {[%emt 0:00:07]} b6 {[%emt 0:00:02]} 3. f3 {[%emt 0:05:01]} Nc6 {[%emt 0:03:26]} 4. Nc3 {[%emt 0:05:52]} e5 {[%emt 0:01:33]} 5. d5 {[%emt 0:01:02]} Ne7 {[%emt 0:01:09]} 6. e4 {[%emt 0:00:57]} Ng6 {[%emt 0:00:10]} 7. Be3 {[%emt 0:01:25]} Bc5 {[%emt 0:02:36]} 8. Qd2 {[%emt 0:03:15]} Bxe3 {[%emt 0:03:44]} 9. Qxe3 {[%emt 0:00:29]} c6 {[%emt 0:02:43]} 10. g3 {[%emt 0:05:07]} O-O {[%emt 0:04:07]} 11. Bd3 {[%emt 0:03:31]} b5 {[%emt 0:11:53]} 12. dxc6 {[%emt 0:21:24]} b4 {[%emt 0:08:36]} 13. Na4 {[%emt 0:09:22]} dxc6 {[%emt 0:01:34]} 14. Ne2 {[%emt 0:00:25]} Qa5 {[%emt 0:04:07]} 15. b3 {[%emt 0:00:49]} Rd8 {[%emt 0:02:15]} 16. O-O-O {[%emt 0:02:40]} Nf8 {[%emt 0:03:26]} 17. c5 {[%emt 0:03:45]} Ne6 {[%emt 0:07:24]} 18. Kb1 {[%emt 0:05:17]} Ba6 {[%emt 0:02:56]} 19. Bxa6 {[%emt 0:03:49]} Qxa6 {[%emt 0:00:35]} 20. Nb2 {[%emt 0:01:41]} Qb5 {[%emt 0:07:45]} 21. Nd3 {[%emt 0:01:33]} Nd7 {[%emt 0:04:11]} 22. Rc1 {[%emt 0:00:38]} a5 {[%emt 0:00:34]} 23. Rc4 {[%emt 0:00:56]} Qa6 {[%emt 0:00:18]} 24. f4 {[%emt 0:06:02]} a4 {[%emt 0:01:08]} 25. Nxb4 {[%emt 0:01:32]} Qb7 {[%emt 0:00:20]} 26. Nd3 {[%emt 0:04:10]} axb3 {[%emt 0:00:54]} 27. a4 {[%emt 0:00:07]} b2 {[%emt 0:03:00]} 28. Rb4 {[%emt 0:03:32]} Qa6 {[%emt 0:02:55]} 29. Nc3 {[%emt 0:02:08]} Qa5 {[%emt 0:02:07]} 30. Rc4 {[%emt 0:00:32]} Rdb8 {[%emt 0:01:34]} 31. f5 {[%emt 0:02:20]} Nd4 {[%emt 0:01:29]} 32. Nxe5 {[%emt 0:01:37]} Nb5 {[%emt 0:06:45]} 33. Nxd7 {[%emt 0:03:37]} Na3+ {[%emt 0:00:07]} 34. Ka2 {[%emt 0:00:05]} Nxc4 {[%emt 0:00:13]} 35. Qd4 {[%emt 0:00:37]} b1=Q+ {[%emt 0:00:19]} 36. Rxb1 {[%emt 0:00:21]} Qxa4+ {[%emt 0:00:04]} 0-1

[Event "Mitropa Online Cup Open 2021"]
[Site "Hybrid"]
[Date "2021.05.04"]
[Round "7.1"]
[White "Moroni, Luca Jr"]
[Black "Fridman, Daniel"]
[Result "1/2-1/2"]
[WhiteElo "2557"]
[BlackElo "2601"]
[Annotator "TA"]
[PlyCount "63"]
[EventDate "2021.05.04"]
[EventType "team-tourn"]
[EventCountry "NET"]
[SourceTitle "playchess.com"]
[Source "ChessBase"]
[SourceQuality "1"]
[WhiteTeam "Italy"]
[BlackTeam "Germany"]
[WhiteTeamCountry "ITA"]
[BlackTeamCountry "GER"]

{[%evp 9,63,6,20,21,22,22,16,21,23,0,0,6,3,0,0,0,-8,-3,0,-10,0,0,0,-35,0,-7,19,-55,-45,-79,-57,-75,-54,-82,-97,-90,-68,-59,0,0,0,0,0,0,0,0,0,0,0,0,0,0,0,0,0,0]} 1. d4 d5 2. Bf4 Nf6 3. e3 e6 4. Nf3 Bd6 5. Nbd2 c5 6. dxc5 {D02: 1 d4 d5 2 Nf3 sidelines, including 2...Nf6 3 g3 and 2...Nf6 3 Bf4.} Bxc5 7. Bd3 Nc6 8. O-O h6 {[#]} 9. Bg3 $146 ({Predecessor:} 9. c4 O-O 10. Nb3 Be7 11. cxd5 Nxd5 12. Bg3 Bd7 13. a3 Qb6 14. Re1 Rfd8 15. Nfd2 Na5 16. Nxa5 Qxa5 17. Nc4 Qa6 18. Nd6 Qb6 19. Nc4 Qa6 {½-½ (19) Nisipeanu,L (2669)-Boruchovsky,A (2542) Gjakova 2016}) 9... Nh5 10. Bh4 g5 11. Bg3 Nxg3 12. hxg3 g4 13. Nh4 Ne5 14. e4 Nxd3 15. cxd3 h5 16. Qb3 {[#] Threatens to win with Qb5+.} Be7 17. Rfe1 b6 18. Rac1 ({Better is} 18. exd5 $11 Qxd5 19. Qxd5 exd5 20. Rac1) 18... Bb7 $15 19. e5 O-O 20. d4 Ba6 ({Reject} 20... Bxh4 $6 21. gxh4 Qxh4 22. Qe3 $11) 21. f4 Rc8 22. Qe3 Rxc1 (22... Kh7 {looks sharper.} 23. Rxc8 Qxc8 24. Nf1 Kh6 25. Qd2 Qd7) 23. Rxc1 Bxh4 (23... Bb5 $15) 24. gxh4 $11 {The position is equal.} Qxh4 25. g3 Qe7 26. f5 {Hoping for f6.} exf5 27. Rc7 Qxc7 28. Qg5+ {[%mdl 64] [#] Double Attack} Kh8 29. Qh6+ Kg8 30. Qg5+ {[%mdl 64] Double Attack} Kh8 31. Qh6+ Kg8 32. Qg5+ {[%mdl 64] Double Attack.  Weighted Error Value: White=0.13/Black=0.09} 1/2-1/2

[Event "Mitropa Online Cup Open 2021"]
[Site "Hybrid"]
[Date "2021.05.04"]
[Round "7.1"]
[White "Sonis, Francesco"]
[Black "Koellner, Ruben Gideon"]
[Result "1-0"]
[WhiteElo "2493"]
[BlackElo "2412"]
[Annotator "ChessBase"]
[PlyCount "185"]
[EventDate "2021.05.04"]
[EventType "team-tourn"]
[EventCountry "NET"]
[SourceTitle "playchess.com"]
[Source "ChessBase"]
[SourceQuality "1"]
[WhiteTeam "Italy"]
[BlackTeam "Germany"]
[WhiteTeamCountry "ITA"]
[BlackTeamCountry "GER"]
[TimeControl "40/5400+30:1800+30"]

1. d4 {[%emt 0:00:00]} Nf6 {[%emt 0:00:04]} 2. c4 {[%emt 0:00:14]} e6 {[%emt 0:00:05]} 3. Nf3 {[%emt 0:00:10]} d5 {[%emt 0:00:05]} 4. g3 {[%emt 0:00:07]} Bb4+ {[%emt 0:00:06]} 5. Bd2 {[%emt 0:00:03]} Be7 {[%emt 0:00:03]} 6. Bg2 {[%emt 0:00:02]} O-O {[%emt 0:00:35]} 7. Qc2 {[%emt 0:00:06]} c6 {[%emt 0:01:12]} 8. O-O {[%emt 0:00:04]} Nbd7 {[%emt 0:00:21]} 9. Rd1 {[%emt 0:00:06]} b6 {[%emt 0:00:06]} 10. Bf4 {[%emt 0:00:04]} Ba6 {[%emt 0:03:27]} 11. Nbd2 {[%emt 0:07:04]} Rc8 {[%emt 0:09:56]} 12. Ne5 {[%emt 0:07:58]} Nxe5 {[%emt 0:03:28]} 13. dxe5 {[%emt 0:00:12]} Nd7 {[%emt 0:06:15]} 14. h4 {[%emt 0:00:13]} h6 {[%emt 0:06:16]} 15. Qc3 {[%emt 0:04:57]} g5 {[%emt 0:09:18]} 16. hxg5 {[%emt 0:00:16]} hxg5 {[%emt 0:00:04]} 17. Qf3 {[%emt 0:10:16]} Kg7 {[%emt 0:19:36]} 18. Qg4 {[%emt 0:24:45]} Rg8 {[%emt 0:01:33]} 19. Nf3 {[%emt 0:00:54]} Kf8 {[%emt 0:00:23]} 20. Be3 {[%emt 0:01:15]} Bxc4 {[%emt 0:01:29]} 21. Rd2 {[%emt 0:00:58]} c5 {[%emt 0:01:34]} 22. Rc2 {[%emt 0:03:23]} Ke8 {[%emt 0:10:34]} 23. Qh5 {[%emt 0:04:02]} Nf8 {[%emt 0:02:56]} 24. b3 {[%emt 0:01:20]} Ba6 {[%emt 0:02:22]} 25. Rd1 {[%emt 0:00:03]} Bb7 {[%emt 0:01:42]} 26. Bc1 {[%emt 0:01:37]} Ba8 {[%emt 0:07:40]} 27. Qg4 {[%emt 0:02:26]} Ng6 {[%emt 0:05:32]} 28. Bb2 {[%emt 0:03:41]} Rc7 {[%emt 0:00:52]} 29. Bf1 {[%emt 0:04:59]} d4 {[%emt 0:02:40]} 30. e4 {[%emt 0:06:19]} Bb7 {[%emt 0:02:49]} 31. Rdc1 {[%emt 0:04:18]} Qa8 {[%emt 0:01:09]} 32. Bb5+ {[%emt 0:01:29]} Kf8 {[%emt 0:00:42]} 33. Nxg5 {[%emt 0:05:05]} Bxg5 {[%emt 0:00:08]} 34. Qxg5 {[%emt 0:00:02]} Bxe4 {[%emt 0:00:01]} 35. Rd2 {[%emt 0:02:59]} Bf3 {[%emt 0:00:03]} 36. Rxd4 {[%emt 0:00:55]} cxd4 {[%emt 0:01:44]} 37. Rxc7 {[%emt 0:00:18]} Rg7 {[%emt 0:01:00]} 38. Rd7 {[%emt 0:02:45]} Kg8 {[%emt 0:00:25]} 39. Rd8+ {[%emt 0:00:33]} Nf8 {[%emt 0:00:03]} 40. Qxg7+ {[%emt 0:00:00]} Kxg7 {[%emt 0:00:00]} 41. Rxa8 {[%emt 0:01:00]} Bxa8 {[%emt 0:00:06]} 42. Bxd4 {[%emt 0:00:03]} Ng6 {[%emt 0:00:11]} 43. Bd3 {[%emt 0:00:35]} Bf3 {[%emt 0:00:28]} 44. Kf1 {[%emt 0:00:45]} Ne7 {[%emt 0:00:18]} 45. Ke1 {[%emt 0:00:07]} Nd5 {[%emt 0:01:10]} 46. Kd2 {[%emt 0:00:27]} Kf8 {[%emt 0:00:30]} 47. a3 {[%emt 0:00:33]} Kg7 {[%emt 0:02:08]} 48. b4 {[%emt 0:00:24]} Kf8 {[%emt 0:00:29]} 49. b5 {[%emt 0:00:10]} Ke7 {[%emt 0:00:57]} 50. a4 {[%emt 0:00:04]} Kd7 {[%emt 0:00:36]} 51. Bb2 {[%emt 0:00:59]} Kc7 {[%emt 0:02:05]} 52. Ba3 {[%emt 0:00:06]} Kd7 {[%emt 0:00:30]} 53. Bc2 {[%emt 0:00:17]} Kc8 {[%emt 0:00:56]} 54. Bd6 {[%emt 0:00:06]} Kb7 {[%emt 0:02:19]} 55. Bd3 {[%emt 0:00:15]} Kc8 {[%emt 0:00:44]} 56. Bc4 {[%emt 0:00:13]} Kb7 {[%emt 0:01:01]} 57. Bf1 {[%emt 0:00:03]} Kc8 {[%emt 0:02:44]} 58. Bh3 {[%emt 0:02:39]} Kb7 {[%emt 0:02:52]} 59. g4 {[%emt 0:01:36]} Kc8 {[%emt 0:03:51]} 60. Bf8 {[%emt 0:02:18]} Kb7 {[%emt 0:01:04]} 61. g5 {[%emt 0:00:52]} Be4 {[%emt 0:00:15]} 62. Bf1 {[%emt 0:00:15]} Kc8 {[%emt 0:00:31]} 63. Be2 {[%emt 0:00:06]} Kb7 {[%emt 0:01:05]} 64. Bh5 {[%emt 0:01:00]} Bg6 {[%emt 0:00:03]} 65. Bf3 {[%emt 0:00:02]} Kc8 {[%emt 0:02:45]} 66. Bd6 {[%emt 0:00:22]} Bf5 {[%emt 0:00:42]} 67. Bg2 {[%emt 0:00:43]} Bg6 {[%emt 0:00:08]} 68. Bf1 {[%emt 0:02:05]} Be4 {[%emt 0:00:13]} 69. Be2 {[%emt 0:00:03]} Kb7 {[%emt 0:00:07]} 70. Ba3 {[%emt 0:01:09]} Kc7 {[%emt 0:00:25]} 71. Bd1 {[%emt 0:00:35]} Kb7 {[%emt 0:00:27]} 72. Bc1 {[%emt 0:00:03]} Kc7 {[%emt 0:00:18]} 73. f3 {[%emt 0:00:10]} Bf5 {[%emt 0:00:45]} 74. Bb3 {[%emt 0:00:24]} Kb7 {[%emt 0:00:50]} 75. Ke1 {[%emt 0:00:33]} Kc7 {[%emt 0:00:38]} 76. Bd2 {[%emt 0:00:08]} Bd3 {[%emt 0:00:35]} 77. f4 {[%emt 0:00:40]} Kd7 {[%emt 0:00:29]} 78. Kf2 {[%emt 0:00:06]} a6 {[%emt 0:08:35]} 79. bxa6 {[%emt 0:00:26]} Bxa6 {[%emt 0:00:03]} 80. f5 {[%emt 0:00:06]} Bd3 {[%emt 0:01:52]} 81. f6 {[%emt 0:00:57]} Kc6 {[%emt 0:00:56]} 82. Be3 {[%emt 0:00:56]} Bg6 {[%emt 0:01:51]} 83. Bxd5+ {[%emt 0:05:19]} exd5 {[%emt 0:01:35]} 84. Ke2 {[%emt 0:00:14]} b5 {[%emt 0:00:52]} 85. a5 {[%emt 0:00:05]} b4 {[%emt 0:01:17]} 86. Bd2 {[%emt 0:01:31]} Kb5 {[%emt 0:00:52]} 87. Bxb4 {[%emt 0:00:41]} d4 {[%emt 0:00:52]} 88. Bd2 {[%emt 0:00:30]} Kc5 {[%emt 0:00:08]} 89. Kf3 {[%emt 0:00:07]} Kd5 {[%emt 0:00:38]} 90. Kf4 {[%emt 0:00:05]} Kc6 {[%emt 0:01:02]} 91. e6 {[%emt 0:00:21]} Kd6 {[%emt 0:00:47]} 92. e7 {[%emt 0:00:21]} Kd7 {[%emt 0:00:04]} 93. a6 {[%emt 0:00:01]} 1-0

[Event "Mitropa Online Cup Open 2021"]
[Site "Hybrid"]
[Date "2021.05.04"]
[Round "7.1"]
[White "Parvanyan, Ashot"]
[Black "Basso, Pier Luigi"]
[Result "0-1"]
[WhiteElo "2436"]
[BlackElo "2552"]
[Annotator "ChessBase"]
[PlyCount "80"]
[EventDate "2021.05.04"]
[EventType "team-tourn"]
[EventCountry "NET"]
[SourceTitle "playchess.com"]
[Source "ChessBase"]
[SourceQuality "1"]
[WhiteTeam "Germany"]
[BlackTeam "Italy"]
[WhiteTeamCountry "GER"]
[BlackTeamCountry "ITA"]
[TimeControl "40/5400+30:1800+30"]

1. Nf3 {[%emt 0:00:00]} d5 {[%emt 0:00:14]} 2. d4 {[%emt 0:00:16]} Nf6 {[%emt 0:00:10]} 3. c4 {[%emt 0:00:08]} c6 {[%emt 0:00:10]} 4. Qb3 {[%emt 0:00:09]} dxc4 {[%emt 0:01:34]} 5. Qxc4 {[%emt 0:00:07]} Bg4 {[%emt 0:00:14]} 6. Nbd2 {[%emt 0:00:23]} Nbd7 {[%emt 0:00:53]} 7. g3 {[%emt 0:00:25]} e6 {[%emt 0:00:22]} 8. Bg2 {[%emt 0:00:19]} Bd6 {[%emt 0:00:34]} 9. Qb3 {[%emt 0:00:54]} Nb6 {[%emt 0:01:16]} 10. O-O {[%emt 0:00:42]} O-O {[%emt 0:00:16]} 11. h3 {[%emt 0:00:51]} Bh5 {[%emt 0:00:10]} 12. a4 {[%emt 0:00:18]} a5 {[%emt 0:01:25]} 13. g4 {[%emt 0:00:17]} Bg6 {[%emt 0:00:06]} 14. Ne5 {[%emt 0:00:07]} Bb4 {[%emt 0:05:28]} 15. Rd1 {[%emt 0:00:56]} Qe7 {[%emt 0:21:10]} 16. Nxg6 {[%emt 0:08:17]} hxg6 {[%emt 0:00:10]} 17. Nf3 {[%emt 0:07:42]} Nfd7 {[%emt 0:06:23]} 18. Bg5 {[%emt 0:05:17]} f6 {[%emt 0:07:39]} 19. Bd2 {[%emt 0:06:29]} Rfe8 {[%emt 0:03:26]} 20. e4 {[%emt 0:14:36]} Bxd2 {[%emt 0:20:43]} 21. Rxd2 {[%emt 0:00:54]} Kh7 {[%emt 0:03:21]} 22. h4 {[%emt 0:08:42]} Qb4 {[%emt 0:05:42]} 23. Qc2 {[%emt 0:01:40]} e5 {[%emt 0:02:33]} 24. b3 {[%emt 0:05:04]} c5 {[%emt 0:04:56]} 25. dxe5 {[%emt 0:07:26]} Nxe5 {[%emt 0:00:13]} 26. Nxe5 {[%emt 0:00:14]} fxe5 {[%emt 0:00:05]} 27. Rad1 {[%emt 0:05:56]} Rf8 {[%emt 0:01:51]} 28. Rd6 {[%emt 0:04:56]} Rf4 {[%emt 0:02:21]} 29. h5 {[%emt 0:02:59]} g5 {[%emt 0:02:01]} 30. f3 {[%emt 0:05:24]} c4 {[%emt 0:00:40]} 31. Rg6 {[%emt 0:04:57]} Rc8 {[%emt 0:02:18]} 32. bxc4 {[%emt 0:01:00]} Rxc4 {[%emt 0:00:52]} 33. Qf2 {[%emt 0:02:07]} Rd4 {[%emt 0:00:25]} 34. Rxd4 {[%emt 0:02:54]} exd4 {[%emt 0:00:04]} 35. Qc2 {[%emt 0:00:48]} Nc4 {[%emt 0:04:29]} 36. Kh2 {[%emt 0:04:10]} Ne5 {[%emt 0:02:02]} 37. Rxg5 {[%emt 0:00:28]} Qe7 {[%emt 0:00:07]} 38. Rf5 {[%emt 0:00:29]} Qh4+ {[%emt 0:00:08]} 39. Kg1 {[%emt 0:00:23]} Rxf5 {[%emt 0:00:39]} 40. exf5 {[%emt 0:00:00]} Qe1+ {[%emt 0:00:00]} 0-1